International rubber forum: 32nd Assembly, Ottawa, Canada. September 1990. V 2. Developments in the SR sector (Record no. 40317)

MARC details
000 -LEADER
fixed length control field 00515nam a2200157Ia 4500
082 ## - DEWEY DECIMAL CLASSIFICATION NUMBER
Classification number NR:33
Item number INT.2
245 #0 - TITLE STATEMENT
Title International rubber forum: 32nd Assembly, Ottawa, Canada. September 1990. V 2. Developments in the SR sector
260 ## - PUBLICATION, DISTRIBUTION, ETC. (IMPRINT)
Place of publication London
Name of publisher IRSG
Year of publication 1990
650 ## - SUBJECT ADDED ENTRY--TOPICAL TERM
Topical Term Speciality synthetic rubbers
650 ## - SUBJECT ADDED ENTRY--TOPICAL TERM
Topical Term Styrene butadiene rubber
650 ## - SUBJECT ADDED ENTRY--TOPICAL TERM
Topical Term Synthetic rubbers
650 ## - SUBJECT ADDED ENTRY--TOPICAL TERM
Topical Term Thermoplastic elastomers
650 ## - SUBJECT ADDED ENTRY--TOPICAL TERM
Topical Term USSR rubber industry
942 ## - ADDED ENTRY ELEMENTS (KOHA)
Koha item type Books
Holdings
Withdrawn status Lost status Damaged status Not for loan Home library Current library Date acquired Full call number Accession Number Koha item type
      Write off RRII Library RRII Library 16/12/2021 NR:33 INT.2 20619 Books